Truyện ngắn Khái Hưng /

保存先:
書誌詳細
第一著者: Khái Hưng.
その他の著者: Hoàng Bích H (sưu tầm.), Vương Trí Nhàn (biên soạn.)
フォーマット: Sách giấy
言語:Vietnamese
出版事項: : , 200
主題:
タグ: タグ追加
タグなし, このレコードへの初めてのタグを付けませんか!
Thư viện lưu trữ: Thư viện Trường Đại học Đà Lạt
LEADER 00836nam a2200325 4500
001 DLU060053542
005 ##20060530
040 # # |a DLU  |b vie 
041 # # |a vie 
044 # # |a vn 
082 # # |a TV  |b KH-H 
100 # # |a Khái Hưng. 
245 # # |a Truyện ngắn Khái Hưng /  |c Khái Hưng; Hoàng Bích Hà sưu tầm; Vương Trí Nhàn biên soạn. 
260 # # |a  :  |b ,  |c 200 
300 # # |a  tr. ;  |c  cm 
653 # # |a Truyện ngắn 
653 # # |a Văn học cận đại 
653 # # |a Văn học Việt Nam 
700 # # |a Hoàng Bích Hà,  |e sưu tầm. 
700 # # |a Vương Trí Nhàn,  |e biên soạn. 
923 # # |a 08/2006 
992 # # |a 74000 
994 # # |a DLU 
900 # # |a True 
911 # # |a Đào Thị Thu Huyền 
925 # # |a G 
926 # # |a A 
927 # # |a SH 
980 # # |a Thư viện Trường Đại học Đà Lạt